Logo

Description automatically generated
विद्यार्जन
 संसाधन केंद्र, भारतीय प्रौद्योगिकी संस्थान इन्दौर
Learning Resource Center, Indian Institute of Technology Indore

ऑनलाइन सार्वजनिक अभिगम प्रसूची
Online Public Access Catalogue (OPAC)

Brilliant blunders : from Darwin to Einstein : colossal mistakes by great scientists that changed our understanding of life and the universe (Record no. 57350)

MARC details
000 -LEADER
fixed length control field 00683nam a2200217Ia 4500
005 - DATE AND TIME OF LATEST TRANSACTION
control field 20260704175957.0
008 - FIXED-LENGTH DATA ELEMENTS--GENERAL INFORMATION
fixed length control field 260704s9999||||xx |||||||||||||| ||und||
020 ## - INTERNATIONAL STANDARD BOOK NUMBER
International Standard Book Number 9781439192375
Qualifying information pbk
082 ## - DEWEY DECIMAL CLASSIFICATION NUMBER
Classification number 500
Item number LIV
100 ## - MAIN ENTRY--PERSONAL NAME
Personal name Livio, Mario
245 #0 - TITLE STATEMENT
Title Brilliant blunders : from Darwin to Einstein : colossal mistakes by great scientists that changed our understanding of life and the universe
260 ## - PUBLICATION, DISTRIBUTION, ETC.
Place of publication, distribution, etc. New York
Name of publisher, distributor, etc. Simon and Schuster
Date of publication, distribution, etc. 2013
300 ## - PHYSICAL DESCRIPTION
Extent 341p. ; 21p.
653 ## - INDEX TERM--UNCONTROLLED
Uncontrolled term Discoveries in science
653 ## - INDEX TERM--UNCONTROLLED
Uncontrolled term Errors, Scientific
653 ## - INDEX TERM--UNCONTROLLED
Uncontrolled term Philosophy of science
653 ## - INDEX TERM--UNCONTROLLED
Uncontrolled term Science—History
653 ## - INDEX TERM--UNCONTROLLED
Uncontrolled term Scientists
653 ## - INDEX TERM--UNCONTROLLED
Uncontrolled term Scientists
942 ## - ADDED ENTRY ELEMENTS (KOHA)
Koha item type Book
Holdings
Withdrawn status Lost status Damaged status Not for loan Home library Current library Shelving location Date acquired Source of acquisition Total Checkouts Full call number Barcode Date last seen Price effective from Koha item type
        LRC, IIT Indore LRC, IIT Indore 3rd Floor - General Stack 04/07/2026 Gratis Book Price: USD 16.00   500 LIV G2575 04/07/2026 04/07/2026 Book
Copyright © 2017-2026 Indian Institute of Technology Indore. All Rights Reserved.
Managed & maintained by Learning Resource Center, IIT Indore